[Event "26th Bunratty Masters 2019"]
[Site "Bunratty"]
[Date "2019.02.23"]
[Round "1.1"]
[White "Howell, David W L"]
[Black "Machin, Guillaume"]
[Result "1-0"]
[WhiteElo "2689"]
[BlackElo "2159"]
[Annotator "TA"]
[PlyCount "77"]
[EventDate "2019.02.22"]
[EventType "swiss"]
[EventCountry "IRL"]
[SourceTitle "playchess.com"]
[Source "ChessBase"]
[SourceQuality "1"]

{[%evp 9,77,12,32,26,27,21,41,31,59,62,56,72,83,80,101,68,71,68,101,91,93,72,62,62,125,94,92,90,93,99,94,82,85,58,85,56,182,55,45,10,366,373,368,358,440,448,445,433,574,542,641,637,711,206,494,445,452,421,629,627,588,575,674,639,873,861,1168,1129,2250,2162]} 1. b3 e5 2. Bb2 d6 3. e3 Nf6 4. g3 c6 (4... Be7 5. Bg2 O-O 6. c4 Nc6 7. Nc3 d5 8. Nxd5 Nxd5 9. cxd5 Nb4 10. Qb1 Nxd5 11. Nf3 f6 12. O-O {1-0 (31) McShane,L (2657)-Mok,T (2416) Khanty-Mansiysk 2010}) 5. Bg2 Bg4 6. Ne2 {A01: Nimzowitsch-Larsen Opening} Nbd7 7. h3 Bh5 $146 ({Predecessor:} 7... Be6 8. d4 Bd5 9. f3 Qa5+ 10. Qd2 Qxd2+ 11. Nxd2 exd4 12. Nxd4 {½-½ (33) Pastar,S (2218)-Lajthajm,B (2435) Novi Sad 2016}) 8. O-O {White is slightly better.} e4 9. d3 exd3 10. cxd3 Bxe2 11. Qxe2 Be7 12. Nd2 O-O 13. e4 Re8 14. f4 Bf8 15. Rae1 Qa5 16. a3 g6 (16... Qb5 $14) 17. d4 d5 18. e5 Nh5 19. Qd3 f5 ({Don't blunder} 19... Nxg3 $2 20. Bc3 $18) 20. g4 Ng7 21. gxf5 Nxf5 22. h4 Qd8 ({Black should try} 22... Qa6 $14 23. Qxa6 bxa6) 23. Nf3 (23. Bh3 $18) 23... Bh6 $1 $14 24. Bh3 Qe7 $2 {[%mdl 8192] [#]} (24... Ng3 $11) 25. Bxf5 $18 gxf5 26. Qxf5 Kh8 {intending ...Rf8.} 27. Ng5 Rg8 28. Kh1 Raf8 29. Qg4 Bxg5 30. hxg5 ({Less strong is} 30. fxg5 Rxf1+ 31. Rxf1 Rf8 $18) 30... Rg6 31. Rf3 $2 {[#]} (31. Qh3) 31... Rfg8 $2 (31... Nf6 {keeps fighting.} 32. Qh3 (32. gxf6 Rfxf6 33. Qc8+ Rf8 $17) 32... Ne4) 32. Rh3 {White is clearly winning.} Nf8 33. Re2 R6g7 (33... Ne6 $142 34. Bc1 R6g7) 34. Rh6 Rg6 35. Rh5 R6g7 36. Bc1 c5 37. f5 Qe8 38. e6 Qe7 39. Bf4 {Accuracy: White = 58%, Black = 38%.} 1-0

[Event "26th Bunratty Masters 2019"]
[Site "Bunratty"]
[Date "2019.02.23"]
[Round "1.2"]
[White "Walton, Alan J"]
[Black "McShane, Luke J"]
[Result "0-1"]
[WhiteElo "2140"]
[BlackElo "2663"]
[Annotator "TA"]
[PlyCount "96"]
[EventDate "2019.02.22"]
[EventType "swiss"]
[EventCountry "IRL"]
[SourceTitle "playchess.com"]
[Source "ChessBase"]
[SourceQuality "1"]

{[%evp 9,96,0,-2,-18,-11,-17,0,-45,-45,-46,-28,-47,-59,-39,-49,-56,-54,-80,-66,-84,-48,-97,-97,-96,-85,-160,-163,-164,-153,-164,-151,-156,-152,-197,-191,-192,-145,-202,-138,-142,-112,-161,-179,-333,-311,-306,-237,-214,-234,-206,-232,-369,-369,-369,-369,-369,-369,-366,-365,-427,-427,-395,-404,-448,-378,-531,-122,-188,-85,-85,-70,-70,-70,-70,-70,-83,-122,-29974,-29977,-29977,-29978,-29980,-29981,-29981,-29982,-29985,-29986,-29986,-29987]} 1. d4 Nf6 2. Bg5 d5 3. e3 c5 4. c3 Nc6 5. Nf3 Qb6 (5... Ne4 6. Bh4 Qb6 7. Qc1 Bf5 8. Nbd2 e6 9. Be2 Rc8 10. O-O h6 11. Nxe4 Bxe4 12. Nd2 Bg6 13. dxc5 Bxc5 14. b4 Bd6 15. Qb2 O-O {½-½ (66) Sjugirov,S (2665)-Ehlvest,J (2524) Almaty 2016}) 6. Qb3 {D02: 1 d4 d5 2 Nf3 sidelines, including 2...Nf6 3 g3 and 2...Nf6 3 Bf4} c4 7. Qxb6 axb6 8. Nbd2 {The position is equal.} b5 9. Be2 e6 10. O-O b4 11. cxb4 $146 ({Predecessor:} 11. Bxf6 gxf6 12. e4 bxc3 13. bxc3 {½-½ (76) Cebalo,M (2407)-Shyam,S (2530) Zalakaros 2016}) 11... Bxb4 12. a3 Be7 13. Rfc1 {[#]} b5 $1 14. h3 Bd7 15. g4 h5 16. Ne5 hxg4 17. Bxf6 ({Better is} 17. Nxd7 Kxd7 18. hxg4) 17... gxf6 $17 18. Nxc6 Bxc6 19. hxg4 Kd7 20. Kg2 f5 21. Rh1 Rhg8 22. Rh7 Raf8 ({Resist} 22... fxg4 23. Rxf7 b4 24. Nf1 $17) 23. f3 {[#]} (23. Kh3 $17 {was worth a try.}) 23... e5 $1 {[%mdl 512]} 24. dxe5 d4 25. exd4 Rxg4+ $1 {[%mdl 64] Double Attack} 26. Kh3 $2 (26. Kf2 Rxd4 27. Rd1) 26... Rxd4 $19 27. Rd1 Ke6 28. Rh6+ f6 29. exf6 Bxf6 30. Nf1 (30. a4 $142) 30... Rxd1 {[%mdl 64] Discovered Attack} 31. Bxd1 Rh8 32. Rxh8 Bxh8 {[%mdl 4096] Endgame KBB-KBN} 33. b3 Ke5 34. bxc4 bxc4 35. Ne3 c3 36. Bc2 f4 37. Ng4+ (37. Nd1 $142 Bd7+ 38. Kh4 Bf6+ 39. Kh5) 37... Kd6 $2 (37... Kd4 $19 {is more deadly.} 38. Kg2 Bb5) 38. Kg2 (38. Kh4 $17 {is a better defense.}) 38... Bd4 (38... Bg7 $19 {and Black stays clearly on top.} 39. Kf2 Kc5) 39. Nf2 $17 Bxf2 40. Kxf2 {KB-KB} Kc5 41. Ke2 Kc4 42. Kf2 Kd4 {Strongly threatening ...Bb5.} 43. a4 $2 {[%mdl 8192] [#]} (43. Ke2 $17) 43... Bxa4 $1 {[%mdl 512] Black mates.} 44. Bxa4 Kd3 45. Kg2 c2 46. Bxc2+ Kxc2 47. Kh3 Kd3 48. Kh4 {[#]} Ke2 $1 {Accuracy: White = 31%, Black = 74%.} 0-1

[Event "26th Bunratty Masters 2019"]
[Site "Bunratty"]
[Date "2019.02.22"]
[Round "1.3"]
[White "Short, Nigel D"]
[Black "Moran, Stephen"]
[Result "1-0"]
[WhiteElo "2648"]
[BlackElo "2155"]
[Annotator "TA"]
[PlyCount "41"]
[EventDate "2019.02.22"]
[EventType "swiss"]
[EventCountry "IRL"]
[SourceTitle "playchess.com"]
[Source "ChessBase"]
[SourceQuality "1"]

{[%evp 10,41,0,-19,-18,-7,-4,12,29,24,29,-8,10,8,8,8,61,58,114,115,132,117,133,133,109,112,141,113,517,524,520,517,841,802]} 1. e4 e6 2. d4 d5 3. Nc3 Nf6 4. exd5 exd5 5. Bg5 Be7 6. Qd2 O-O {C01: French: Exchange Variation} 7. O-O-O Nc6 8. f3 $146 ({Predecessor:} 8. h4 Bf5 9. Qf4 Bg6 10. Bxf6 Bxf6 11. Nf3 Re8 12. Bd3 Bxd3 13. Rxd3 Nb4 14. Re3 Rxe3 15. fxe3 {½-½ (50) Short,N (2678)-Harikrishna,P (2737) Douglas 2015}) 8... a6 {The position is equal.} 9. h4 b5 {[%cal Bb7b5,Bb5b4][%mdl 32]} 10. Re1 Rb8 11. g4 b4 12. Na4 Na5 (12... Re8 $11) 13. b3 $14 Bd7 {[#]} (13... Re8 $14) 14. Nc5 $1 $16 Bb5 15. Ne2 ({Don't take} 15. Nxa6 Bxa6 16. Bxa6 c5 $14) ({Much worse is} 15. Qxb4 $6 Nxb3+ 16. axb3 Bxf1 $11) 15... Nb7 16. Nxb7 Rxb7 17. Ng3 Bd7 18. Bd3 ({Much weaker is} 18. Bxa6 $6 Ra7 $11) 18... a5 $2 {[%mdl 8192] [#]} (18... Re8 $16) 19. Rxe7 $1 $18 {[%mdl 512] White is clearly winning.} Qxe7 {[#]} 20. Nh5 $1 {Black must now prevent Bxf6.} Rb6 (20... Re8 $142 21. Bxf6 gxf6) 21. Bxf6 $1 {Accuracy: White = 92%, Black = 31%.} 1-0

[Event "26th Bunratty Masters 2019"]
[Site "Bunratty"]
[Date "2019.02.23"]
[Round "1.4"]
[White "O'Connor, Jonathan"]
[Black "Turner, Matthew J"]
[Result "0-1"]
[WhiteElo "2208"]
[BlackElo "2519"]
[Annotator "TA"]
[PlyCount "122"]
[EventDate "2019.02.22"]
[EventType "swiss"]
[EventCountry "IRL"]
[SourceTitle "playchess.com"]
[Source "ChessBase"]
[SourceQuality "1"]

{[%evp 11,122,0,20,30,30,30,27,27,16,30,22,13,15,-19,40,9,17,25,12,0,94,22,22,16,31,35,237,157,158,120,123,139,127,132,133,147,131,133,133,133,134,80,89,88,106,74,97,87,96,93,111,108,125,75,87,87,127,72,81,72,80,58,66,71,93,59,79,52,76,36,36,56,56,30,88,72,78,8,8,0,0,-27,6,0,9,0,0,-20,-17,-292,-290,-257,-251,-29971,-29972,-29971,-29972,-29972,-29974,-29973,-29973,-29973,-29974,-29974,-29975,-29974,-29975,-29974,-29974,-29974,-29975,-29978,-29979]} 1. e4 e5 2. Nc3 Nf6 3. f4 d5 4. fxe5 Nxe4 5. Qf3 Nxc3 6. bxc3 Qh4+ 7. g3 {C29: Vienna Game: 2...Nf6 3 f4} Qe4+ 8. Qxe4 dxe4 9. Bg2 {White has an edge.} Nc6 10. Bxe4 Nxe5 11. Rb1 (11. d4 Nc4 12. Nf3 Be7 13. O-O O-O 14. Bd5 Nb6 {½-½ (33) Antal,G (2450)-Vajda,S (2369) Austria 2005}) 11... Bd6 $146 ({Predecessor:} 11... c6 12. Ne2 Bd6 13. O-O O-O 14. Re1 Rb8 {½-½ (26) Nebel,J (2144)-Hinkmann,J (2103) Herne 2016}) 12. Nf3 Nd7 (12... f5 $11 13. Bd5 c6) 13. d4 Nb6 14. O-O O-O 15. Bd3 Bg4 {[#]} (15... Be6 $11 {remains equal.}) 16. Ng5 (16. c4 $1 $16) 16... h6 $11 17. Ne4 $36 {[%mdl 2048] White is more active.} Be6 18. a4 {[%cal Ba2a4,Ba4a5][%mdl 32]} Bd5 $2 (18... Rfb8 $14) 19. a5 Nc4 20. Rb5 Bxe4 21. Bxe4 Rab8 22. Bd3 c6 23. Rbf5 b5 24. axb6 $1 Nxb6 25. Ra5 Rb7 26. Ba3 (26. Bd2 $142) 26... Bxa3 $16 27. Rxa3 Re8 28. Rfa1 Ree7 29. Kf2 Nd5 30. Re1 Rxe1 31. Kxe1 {[%mdl 4096] Endgame KRB-KRN} g6 32. Ra6 Rc7 33. Kd2 Kg7 34. Be4 ({Better is} 34. c4 Nb4 35. Ra5) 34... Nb6 35. Kd3 c5 36. Ra5 f5 37. Bg2 Nd7 38. Ra6 c4+ 39. Kd2 Nf6 40. Ra4 g5 41. Ra5 Kg6 42. Ra6 f4 (42... h5 $11) 43. gxf4 gxf4 44. Ra5 ({White should try} 44. Ke2 $16) 44... Re7 $11 45. Ra6 Kf5 46. Ra5+ Kg6 47. Ra6 Kg7 48. Rc6 Ng4 49. h4 Nh2 50. Ra6 $2 {[%mdl 8192]} (50. Bh3 $11) 50... f3 $19 51. Bh3 f2 52. Ra1 $2 {[#]} (52. Kc1 $19) 52... Nf3+ {[%mdl 64] Double Attack. Black mates.} 53. Kc1 Re1+ 54. Kb2 Rxa1 55. Kxa1 {KB-KN} Nd2 56. Kb2 f1=Q 57. Bxf1 Nxf1 58. Ka3 Kf6 59. Kb4 Ne3 60. Kc5 Ke7 61. d5 a5 {Accuracy: White = 43%, Black = 60%.} 0-1

[Event "26th Bunratty Masters 2019"]
[Site "Bunratty"]
[Date "2019.02.22"]
[Round "1.5"]
[White "Williams, Simon K"]
[Black "Melaugh, Shane"]
[Result "1-0"]
[WhiteElo "2471"]
[BlackElo "2118"]
[Annotator "ChessBase"]
[PlyCount "69"]
[EventDate "2019.02.22"]
[EventType "swiss"]
[EventCountry "IRL"]
[SourceTitle "playchess.com"]
[Source "ChessBase"]
[SourceQuality "1"]
[TimeControl "40/5400+30:900+30"]

1. d4 {[%emt 0:11:03]} Nf6 {[%emt 0:00:08]} 2. Nc3 {[%emt 0:00:30]} d5 {[%emt 0:00:21]} 3. Bf4 {[%emt 0:00:26]} c5 {[%emt 0:01:12]} 4. e3 {[%emt 0:01:05]} a6 {[%emt 0:00:43]} 5. dxc5 {[%emt 0:01:45]} Nc6 {[%emt 0:01:58]} 6. Nf3 {[%emt 0:05:03]} e6 {[%emt 0:01:27]} 7. Na4 {[%emt 0:01:33]} Ne4 {[%emt 0:03:26]} 8. Bd3 {[%emt 0:05:58]} Nxc5 {[%emt 0:04:43]} 9. Nxc5 {[%emt 0:00:21]} Bxc5 {[%emt 0:00:19]} 10. O-O {[%emt 0:00:23]} Qe7 {[%emt 0:03:01]} 11. e4 {[%emt 0:01:36]} d4 {[%emt 0:09:16]} 12. e5 {[%emt 0:00:46]} h6 {[%emt 0:01:07]} 13. a3 {[%emt 0:01:47]} g5 {[%emt 0:00:59]} 14. Bg3 {[%emt 0:00:22]} b5 {[%emt 0:04:50]} 15. Nd2 {[%emt 0:02:34]} Bb6 {[%emt 0:02:53]} 16. f4 {[%emt 0:11:25]} Bc7 {[%emt 0:01:25]} 17. Qh5 {[%emt 0:05:17]} Bb7 {[%emt 0:08:33]} 18. fxg5 {[%emt 0:00:31]} O-O-O {[%emt 0:01:06]} 19. gxh6 {[%emt 0:00:49]} Nxe5 {[%emt 0:02:37]} 20. Bxe5 {[%emt 0:01:10]} Qc5 {[%emt 0:00:22]} 21. Rae1 {[%emt 0:01:44]} Rhg8 {[%emt 0:03:17]} 22. g3 {[%emt 0:03:22]} Rd5 {[%emt 0:01:37]} 23. h7 {[%emt 0:00:56]} Rh8 {[%emt 0:00:24]} 24. Qxf7 {[%emt 0:01:52]} Rxe5 {[%emt 0:01:12]} 25. Qg8+ {[%emt 0:01:11]} Bd8 {[%emt 0:00:54]} 26. Qxh8 {[%emt 0:00:29]} Re3 {[%emt 0:05:14]} 27. Qxd8+ {[%emt 0:01:03]} Kxd8 {[%emt 0:00:24]} 28. h8=Q+ {[%emt 0:00:22]} Kc7 {[%emt 0:00:22]} 29. Rf7+ {[%emt 0:00:40]} Kb6 {[%emt 0:00:27]} 30. Qd8+ {[%emt 0:00:39]} Ka7 {[%emt 0:00:25]} 31. Rxb7+ {[%emt 0:00:24]} Kxb7 {[%emt 0:00:22]} 32. Rf1 {[%emt 0:00:25]} Qe5 {[%emt 0:00:54]} 33. Rf7+ {[%emt 0:00:34]} Kc6 {[%emt 0:00:21]} 34. Qc8+ {[%emt 0:00:57]} Kb6 {[%emt 0:00:42]} 35. Qb7+ {[%emt 0:00:25]} 1-0

[Event "26th Bunratty Masters 2019"]
[Site "Bunratty"]
[Date "2019.02.23"]
[Round "1.6"]
[White "Voiteanu, Gabriel"]
[Black "Baburin, Alexander"]
[Result "1-0"]
[WhiteElo "2121"]
[BlackElo "2432"]
[Annotator "ChessBase"]
[PlyCount "96"]
[EventDate "2019.02.22"]
[EventType "swiss"]
[EventCountry "IRL"]
[SourceTitle "playchess.com"]
[Source "ChessBase"]
[SourceQuality "1"]
[TimeControl "40/5400+30:900+30"]

1. d4 {[%emt 0:00:07]} d5 {[%emt 0:18:46]} 2. Nf3 {[%emt 0:00:31]} Nf6 {[%emt 0:00:37]} 3. g3 {[%emt 0:00:24]} c6 {[%emt 0:01:28]} 4. Bg2 {[%emt 0:05:54]} Bf5 {[%emt 0:03:00]} 5. c4 {[%emt 0:04:36]} e6 {[%emt 0:01:19]} 6. Nc3 {[%emt 0:10:16]} Nbd7 {[%emt 0:00:53]} 7. Nh4 {[%emt 0:01:27]} Bg4 {[%emt 0:04:41]} 8. h3 {[%emt 0:05:49]} Bh5 {[%emt 0:00:23]} 9. g4 {[%emt 0:04:06]} Bg6 {[%emt 0:02:35]} 10. cxd5 {[%emt 0:08:31]} exd5 {[%emt 0:08:18]} 11. Nxg6 {[%emt 0:03:36]} hxg6 {[%emt 0:00:27]} 12. Bf4 {[%emt 0:02:44]} Nb6 {[%emt 0:13:15]} 13. Qd3 {[%emt 0:07:21]} Bd6 {[%emt 0:02:52]} 14. Qe3+ {[%emt 0:05:09]} Kf8 {[%emt 0:02:41]} 15. Qg3 {[%emt 0:02:51]} Bxf4 {[%emt 0:06:03]} 16. Qxf4 {[%emt 0:00:18]} Nc4 {[%emt 0:01:03]} 17. b3 {[%emt 0:05:09]} Qd6 {[%emt 0:04:45]} 18. Qxd6+ {[%emt 0:06:01]} Nxd6 {[%emt 0:00:47]} 19. Rc1 {[%emt 0:01:48]} Re8 {[%emt 0:07:47]} 20. f3 {[%emt 0:06:14]} Nd7 {[%emt 0:08:44]} 21. Kd2 {[%emt 0:06:07]} f5 {[%emt 0:00:46]} 22. e3 {[%emt 0:00:50]} Nf6 {[%emt 0:00:57]} 23. Rcf1 {[%emt 0:02:21]} Kg8 {[%emt 0:01:08]} 24. Kd3 {[%emt 0:02:34]} g5 {[%emt 0:00:46]} 25. Re1 {[%emt 0:01:49]} g6 {[%emt 0:01:17]} 26. e4 {[%emt 0:03:01]} fxe4+ {[%emt 0:01:15]} 27. fxe4 {[%emt 0:00:21]} dxe4+ {[%emt 0:00:22]} 28. Nxe4 {[%emt 0:00:33]} Nfxe4 {[%emt 0:04:31]} 29. Bxe4 {[%emt 0:00:18]} Nxe4 {[%emt 0:00:20]} 30. Rxe4 {[%emt 0:00:18]} Rxe4 {[%emt 0:00:19]} 31. Kxe4 {[%emt 0:00:16]} Kf7 {[%emt 0:00:20]} 32. Rf1+ {[%emt 0:02:06]} Ke6 {[%emt 0:00:37]} 33. Rf3 {[%emt 0:00:16]} Re8 {[%emt 0:01:34]} 34. Kd3 {[%emt 0:00:34]} Rh8 {[%emt 0:01:15]} 35. Kc4 {[%emt 0:00:31]} b6 {[%emt 0:00:16]} 36. Re3+ {[%emt 0:01:00]} Kf6 {[%emt 0:00:16]} 37. d5 {[%emt 0:00:38]} cxd5+ {[%emt 0:00:23]} 38. Kxd5 {[%emt 0:00:16]} Rc8 {[%emt 0:00:33]} 39. Kd6 {[%emt 0:00:32]} Rd8+ {[%emt 0:01:03]} 40. Kc6 {[%emt 0:00:44]} Rd4 {[%emt 0:01:08]} 41. Kb7 {[%emt 0:15:45]} Rd7+ {[%emt 0:15:18]} 42. Ka6 {[%emt 0:00:27]} Rc7 {[%emt 0:00:32]} 43. b4 {[%emt 0:00:41]} Rd7 {[%emt 0:00:26]} 44. b5 {[%emt 0:00:40]} Rc7 {[%emt 0:00:18]} 45. a4 {[%emt 0:00:56]} Kf7 {[%emt 0:00:25]} 46. Re5 {[%emt 0:00:27]} Kf6 {[%emt 0:00:37]} 47. Re8 {[%emt 0:00:21]} Rd7 {[%emt 0:00:57]} 48. Ra8 {[%emt 0:00:28]} Ke7 {[%emt 0:00:57]} 1-0

[Event "26th Bunratty Masters 2019"]
[Site "Bunratty"]
[Date "2019.02.23"]
[Round "2.1"]
[White "Fitzsimons, David"]
[Black "Howell, David W L"]
[Result "1/2-1/2"]
[WhiteElo "2301"]
[BlackElo "2689"]
[Annotator "TA"]
[PlyCount "99"]
[EventDate "2019.02.22"]
[EventType "swiss"]
[EventCountry "IRL"]
[SourceTitle "playchess.com"]
[Source "ChessBase"]
[SourceQuality "1"]

{[%evp 9,99,25,26,35,22,13,32,35,37,41,47,33,36,22,31,29,23,28,34,18,20,29,31,18,28,7,17,8,9,0,0,0,0,0,0,0,0,-4,5,-14,-12,-68,-47,-47,-59,-144,-142,-191,-95,-115,-66,-62,-63,-73,-58,-60,-60,-66,0,0,0,0,76,75,131,120,131,113,135,75,80,85,124,117,120,102,102,110,118,59,59,39,39,39,39,39,39,33,33,30,30,30]} 1. e4 e6 2. d4 d5 3. Nd2 h6 (3... c5 4. Ngf3 cxd4 5. Nxd4 Nc6 6. Bb5 Bd7 7. Nxc6 bxc6 8. Bd3 Qc7 9. Qe2 Ne7 10. O-O Ng6 11. Nf3 Bd6 12. c4 dxe4 13. Bxe4 O-O 14. Rd1 Rad8 15. h3 c5 16. b3 Bc6 {0-1 (40) Nepomniachtchi,I (2763)-Vitiugov,N (2719) St Petersburg 2018}) 4. c3 c5 5. exd5 exd5 6. Ngf3 {C03: French Tarrasch: Unusual Black 3rd moves} Nc6 7. Bb5 cxd4 8. O-O {White is slightly better.} Bd6 $146 ({Predecessor:} 8... Bd7 9. Nb3 Nf6 10. Re1+ Be7 11. Bxc6 bxc6 12. Qxd4 {1-0 (40) Conquest,S (2563)-Bricard,E (2461) Reykjavik 2000}) 9. Nxd4 Nge7 10. N2b3 O-O 11. Be3 Qc7 12. h3 a6 {White must now prevent ...Nxd4.} 13. Bd3 Ne5 14. Bf4 Re8 15. Re1 Bd7 16. Bxe5 Bxe5 17. Qh5 Bh2+ 18. Kf1 Bf4 19. Re2 g6 20. Qf3 Bg5 21. Kg1 Qd6 22. Rae1 Kg7 23. a3 Rab8 24. Na1 Nc6 $36 {[%mdl 2048] Black is pushing.} 25. Nxc6 (25. Nac2 $11) 25... bxc6 26. Rxe8 Bxe8 27. Qe2 (27. b4 $15) 27... c5 $17 28. Rd1 Ba4 (28... Qe6 $19 {and Black stays clearly on top.} 29. b3 a5) 29. b3 Bxb3 (29... Bc6 {with more complications.} 30. Bxa6 Ra8 31. Bd3 Qf6 32. Qb2 Bf4) 30. Nxb3 Rxb3 {[%mdl 64] Double Attack} 31. Bc4 $1 {[%cal Rc4b3]} Rxa3 32. Bxd5 Rxc3 {[#]} 33. Bxf7 $1 {[%mdl 512] [#]} Rc1 (33... Qxd1+ $1 $15 {[%mdl 512]} 34. Qxd1 Rc1 35. Qxc1 Bxc1) (33... Kxf7 34. Rxd6) 34. Rxc1 $11 Bxc1 35. Bc4 {Qf3 is the strong threat.} a5 {[#]} (35... h5 $11 {remains equal.}) 36. Qf3 $1 $16 {[%cal Rf3f7] Threatening mate with Qf7+.} Qf4 ({Better is} 36... Qf6) 37. Qb7+ Kf8 38. Qc8+ Ke7 39. Qxc5+ (39. Qe6+ $142 Kd8 40. Qb6+ Ke7 41. Qxc5+ Qd6 42. Qa7+ (42. Qxa5 Bf4 $18) 42... Qd7 43. Qc5+ Qd6 44. Qa7+ (44. Qxa5 Bf4 $18) 44... Ke8 45. Bf7+ (45. Qxa5 Ba3 $16) 45... Kd8 46. Qxa5+ Ke7 47. Bxg6) 39... Qd6 40. Qxa5 {Threatens to win with Qe1+.} Bg5 41. Qa7+ Kd8 42. g3 {aiming for Qa8+.} Bf6 43. Qa8+ Kc7 44. Qe4 (44. Ba6 $16 {Intending Qc8+ and mate.} Kd7 45. Qb7+ Kd8 46. h4) 44... Bd4 $14 45. Qf3 (45. Kf1 {is more complex.} Qf6 46. Qc2 Qc6 47. Qd3 Qf6 48. Qd2) 45... Qf6 46. Qxf6 Bxf6 47. f4 Kd6 48. Kg2 Ke7 49. h4 Kf8 50. Kf3 {Accuracy: White = 45%, Black = 65%.} 1/2-1/2

[Event "26th Bunratty Masters 2019"]
[Site "Bunratty"]
[Date "2019.02.23"]
[Round "2.2"]
[White "McShane, Luke J"]
[Black "Connell, Blair N"]
[Result "1-0"]
[WhiteElo "2663"]
[BlackElo "2239"]
[Annotator "TA"]
[PlyCount "117"]
[EventDate "2019.02.22"]
[EventType "swiss"]
[EventCountry "IRL"]
[SourceTitle "playchess.com"]
[Source "ChessBase"]
[SourceQuality "1"]

{[%evp 9,117,-14,0,0,0,-3,-14,-2,-7,1,13,0,37,28,22,25,43,12,43,30,58,6,3,0,3,-31,100,105,109,100,78,79,61,60,193,34,36,52,42,0,0,0,58,0,16,0,20,20,27,28,36,9,9,19,16,16,9,9,17,9,9,9,9,9,9,11,22,11,108,119,264,243,235,22,20,11,13,15,197,197,364,365,368,356,365,358,360,327,1446,1479,1384,1326,1224,1158,29970,29971,29971,29972,29972,29973,29967,29967,29974,29975,29975,29976,29977,29978,29980,29981]} 1. e4 e5 2. Nf3 Nc6 3. Bc4 g6 4. d3 (4. d4 exd4 5. c3 d3 6. O-O d6 7. Qb3 Qd7 8. Ng5 Nh6 9. Bxd3 Bg7 10. f4 O-O 11. Na3 Ng4 12. Bd2 b6 {½-½ (54) Van Kampen,R (2643)-Granda Zuniga,J (2662) Linares 2017}) 4... Bg7 5. h4 {[%cal Bh2h4,Bh4h5][%mdl 32]} h6 6. Nc3 {C50: Hungarian Defence and Giuoco Pianissimo} d6 7. Be3 Nf6 8. a3 $146 {The position is equal.} ({Predecessor:} 8. Qd2 Na5 9. Nh2 Nxc4 10. dxc4 Be6 11. b3 Qd7 {½-½ (59) Backman,A (2177)-Blomstrom,L (2108) Tylosand 2015}) 8... a6 9. Qd2 Ng4 10. h5 Nxe3 11. fxe3 g5 12. Nh2 Be6 13. Nd5 Ne7 14. O-O Ng8 15. Qa5 ({White should try} 15. Qf2 $14) 15... Rc8 $11 16. Rf2 c6 17. Nb6 {Black must now prevent Qb4.} Rc7 (17... Nf6 $1 $15 {keeps the upper hand.}) 18. Bxe6 $16 fxe6 19. Ng4 $1 {And now Raf1 would win.} Nf6 20. Nxf6+ Bxf6 21. Raf1 O-O {[#]} (21... Rf8 $1 $14) 22. Nc4 $2 (22. Nd7 $1 $18 {[%mdl 512]} Qxd7 (22... Rxd7 23. Qxd8) 23. Rxf6 Rxf6 24. Rxf6) 22... Bg7 23. Rxf8+ Bxf8 24. d4 b5 25. Nd2 Bg7 (25... exd4 $11 26. exd4 Qc8) 26. c3 ({White should play} 26. dxe5 $14 Rc8 27. Qxd8+ Rxd8 28. Nf3) 26... Qc8 27. Qb6 (27. Nf3 {feels hotter.} Qb7 28. dxe5 Bxe5 29. Nxe5 dxe5 30. c4) 27... Qb7 28. Qxb7 Rxb7 $11 {[%mdl 4096] Endgame KRB-KRN} 29. Nb3 Rc7 30. Kf2 Kf7 31. Ke2+ Ke7 32. Kd3 exd4 33. exd4 c5 {Strongly threatening ...c4+.} 34. Na1 cxd4 35. cxd4 a5 36. Nc2 Rc4 37. Ra1 Kd7 38. g4 Rc8 {[#]} (38... Bh8 $11 {keeps the balance.}) 39. a4 $1 $16 {[%cal Ra4b5]} Rb8 (39... Kc6 $16) 40. axb5 $18 Rxb5 {[#]} 41. Kc3 $2 (41. b4 $1 $18 {[%mdl 512]}) 41... d5 $11 42. Rf1 {Threatens to win with Rf7+.} Ke7 43. e5 a4 $2 (43... Ke8 $11) 44. Nb4 $18 Bf8 $2 (44... Rb7 {was necessary.} 45. Ra1 Rc7+ 46. Kd3 Bf8 47. Rxa4 Kf7) 45. Ra1 Kd7 46. Rxa4 Rb7 47. Nd3 Rc7+ 48. Kd2 Rc4 $2 (48... Rc8 49. b4 Rc4) 49. Rxc4 dxc4 {KB-KN} 50. Nf2 Bb4+ 51. Ke3 c3 52. bxc3 {White mates.} Bxc3 53. Ke4 Bb4 54. Nd3 Ba3 55. d5 exd5+ 56. Kxd5 Ke7 57. Ne1 Bb4 58. Nc2 Bd2 59. Nd4 {Precision: White = 54%, Black = 33%.} 1-0